[Event "Chigorin Memorial 2019"]
[Site "Saint Petersburg"]
[Date "2019.10.09"]
[Round "5.9"]
[White "Gagare, Shardul"]
[Black "Vorobiov, Evgeny E."]
[Result "0-1"]
[WhiteElo "2474"]
[BlackElo "2555"]
[Annotator "TA"]
[PlyCount "90"]
[EventDate "2019.10.05"]
[EventType "swiss"]
[EventCountry "RUS"]
[SourceTitle "playchess.com"]
[Source "ChessBase"]
[SourceQuality "1"]

{[%evp 23,90,31,36,48,93,25,30,16,72,70,64,66,102,105,102,94,89,49,47,48,39,22,22,17,78,61,292,0,85,58,113,37,83,51,51,56,55,55,47,0,0,0,0,0,0,0,0,0,0,-854,-836,-12833,-12834,-12834,-12835,-12835,-12836,-12832,-12833,-12838,-12839,-12839,-12839,-29985,-29986,-29986,-29987,-29997,-29998]} 1. e4 c5 2. Nf3 e6 3. d4 cxd4 4. Nxd4 Nf6 5. Nc3 Nc6 6. Nxc6 bxc6 7. e5 Nd5 8. Ne4 Qc7 9. f4 Qb6 10. c4 Ne3 11. Qd3 Nf5 12. g4 Nd4 13. Bg2 {B45: Sicilian Four Knights} Bb7 {[#]} (13... h5 14. g5 h4 15. Nc3 Bb7 16. Bd2 c5 17. Bxb7 Qxb7 18. O-O-O Rb8 19. b3 d5 20. cxd5 exd5 {1-0 (37) Bartel,M (2609)-Pavlov,S (2485) Batumi 2018}) 14. Bd2 (14. b4 $1 $16 {[%mdl 512]}) 14... c5 $11 15. O-O-O {White has an edge.} Rb8 (15... d6 $11) 16. Bc3 $16 {[%cal Rc3d4]} Bxe4 $146 ({Predecessor:} 16... d5 17. exd6 Bxe4 18. Qxe4 Bxd6 19. f5 Bf4+ 20. Kb1 e5 {½-½ (34) Majcher,M (2163)-Dinckel,J (2066) Rewal 2007}) 17. Bxe4 Rd8 18. f5 h5 19. Bxd4 cxd4 20. g5 (20. Qxd4 Qxd4 21. Rxd4 Bc5 $15) 20... exf5 21. Bxf5 g6 22. Be4 {Rhf1 is the strong threat.} Bg7 23. Bd5 {Strongly threatening Rhf1.} Rb8 {[#]} (23... O-O $1 $11) 24. Rd2 $1 Bxe5 $2 ({Better is} 24... O-O $14) 25. Re2 $2 ({White has to play} 25. Re1 $18 d6 26. Rf1) 25... Kd8 (25... O-O $1 $11 {keeps the balance.}) 26. Rf1 f6 {[#]} (26... Rf8 $14) 27. Rff2 ({Don't play} 27. Qxg6 $6 d3 $14) ({White should play} 27. Kb1 $1 $16) 27... h4 28. gxf6 Bxf6 29. Qxg6 d3 30. Qxd3 Bd4 31. Rg2 (31. Rf7 $5 {[%cal Rc1d1]} Bxb2+ 32. Kd1 $16) 31... h3 32. Rg6 Bxb2+ 33. Kd1 Qb4 34. Bc6 {[%csl Gc6][%cal Rd3d7]} Bd4 $1 {aiming for ...Rf8.} 35. Bb5 Rf8 $40 {[%mdl 128] ( -> ...Rf1+). Black has some attack.} 36. Qb3 $2 {[%mdl 8192] [#]} (36. Qxd4 Rf1+ 37. Kc2 Qb1+ 38. Kc3 Rc1+ 39. Kd2 Rd1+ 40. Kc3 Qa1+ 41. Kb4 Qxd4 $19) (36. Rd2 $11 Rf1+ 37. Qxf1 Qb1+ {[%mdl 64] Double Attack} 38. Ke2 Qe4+ 39. Kd1 Qb1+ 40. Ke2 Qe4+ 41. Kd1 Qb1+) 36... Rxb5 $1 $19 {[%mdl 512]} 37. cxb5 Rf1+ 38. Kc2 Qc5+ 39. Kd2 {[#]} Bc3+ $1 {[%mdl 576] Deflection} 40. Qxc3 Qd5+ {[%mdl 64] Double Attack} 41. Kc2 Qd1+ {[%mdl 64] Double Attack} 42. Kb2 Qxe2+ {[%mdl 64] Double Attack} 43. Qc2 Qxb5+ {Black mates.} 44. Qb3 Rf2+ {[%mdl 64] Double Attack} 45. Ka1 Qe5+ {[%mdl 64] Double Attack. Accuracy: White = 29%, Black = 49%.} 0-1

[Event "Chigorin Memorial 2019"]
[Site "Saint Petersburg"]
[Date "2019.10.09"]
[Round "5.10"]
[White "Iljiushenok, Ilia"]
[Black "Vlasenko, Miroslav"]
[Result "1/2-1/2"]
[WhiteElo "2540"]
[BlackElo "2423"]
[Annotator "TA"]
[PlyCount "53"]
[EventDate "2019.10.05"]
[EventType "swiss"]
[EventCountry "RUS"]
[SourceTitle "playchess.com"]
[Source "ChessBase"]
[SourceQuality "1"]

{[%evp 24,53,66,52,98,84,72,83,106,105,119,114,93,68,52,13,36,23,43,29,35,-16,-16,-16,-10,-41,-16,-117,0,-16,0,-129]} 1. e4 Nf6 2. e5 Nd5 3. d4 d6 4. Nf3 g6 5. Bc4 Nb6 6. Bb3 Bg7 7. Qe2 Nc6 8. a4 a5 9. h3 O-O 10. O-O dxe5 11. dxe5 Nd4 12. Nxd4 Qxd4 13. Re1 Be6 {B04: Alekhine's Defence: 4 Nf3} 14. Bxe6 fxe6 {[#]} 15. Nd2 $1 Nd5 {White is better.} 16. Nf3 Qb6 17. Ra3 $146 {[%cal Ba1a3,Ba3e3,Be3e4][%mdl 32]} ({Predecessor:} 17. c4 Nb4 18. Be3 c5 19. Ng5 Qc6 20. Rad1 Bh6 21. Rd2 {0-1 (46) Banawa,J (2363)-Durarbayli,V (2608) Saint Louis 2016}) 17... c5 18. c4 Nb4 $1 19. Re3 Nc6 20. Re4 Rad8 21. Be3 Rf5 22. g4 (22. h4 $14) 22... Rff8 $11 23. Kg2 Nb4 24. Bg5 Rf7 25. Be3 (25. Ra1 $11 {keeps the balance.}) 25... Rff8 (25... Qc6 $17 26. Bd2 Rdf8 27. Bxb4 cxb4) 26. Bg5 Rf7 ({Black should play} 26... Rd3 $11 27. Rf4 Re8) 27. Be3 {Accuracy: White = 47%, Black = 46%.} 1/2-1/2

[Event "Chigorin Memorial 2019"]
[Site "Saint Petersburg"]
[Date "2019.10.10"]
[Round "6.1"]
[White "Bocharov, Ivan"]
[Black "Vokhidov, Shamsiddin"]
[Result "1-0"]
[WhiteElo "2550"]
[BlackElo "2519"]
[Annotator "ChessBase"]
[PlyCount "67"]
[EventDate "2019.10.05"]
[EventType "swiss"]
[EventCountry "RUS"]
[SourceTitle "playchess.com"]
[Source "ChessBase"]
[SourceQuality "1"]
[TimeControl "5400+30"]

1. e4 {[%emt 0:00:00]} c5 {[%emt 0:00:00]} 2. Nf3 {[%emt 0:00:00]} Nf6 {[%emt 0:00:00]} 3. e5 {[%emt 0:00:35]} Nd5 {[%emt 0:00:00]} 4. Nc3 {[%emt 0:00:08]} Nxc3 {[%emt 0:00:02]} 5. dxc3 {[%emt 0:00:02]} Nc6 {[%emt 0:00:05]} 6. Bf4 {[%emt 0:01:02]} Qb6 {[%emt 0:00:50]} 7. b3 {[%emt 0:00:31]} Qc7 {[%emt 0:00:38]} 8. Bd3 {[%emt 0:03:56]} e6 {[%emt 0:00:20]} 9. O-O {[%emt 0:01:09]} h6 {[%emt 0:04:28]} 10. Qe2 {[%emt 0:02:55]} b6 {[%emt 0:08:15]} 11. Nd2 {[%emt 0:03:45]} d5 {[%emt 0:08:07]} 12. c4 {[%emt 0:05:19]} d4 {[%emt 0:09:16]} 13. Bg3 {[%emt 0:07:47]} Bb7 {[%emt 0:01:02]} 14. f4 {[%emt 0:01:29]} Nb4 {[%emt 0:11:00]} 15. f5 {[%emt 0:00:49]} Nxd3 {[%emt 0:02:24]} 16. cxd3 {[%emt 0:06:36]} Qd7 {[%emt 0:04:32]} 17. Ne4 {[%emt 0:07:54]} O-O-O {[%emt 0:05:48]} 18. fxe6 {[%emt 0:00:34]} Qxe6 {[%emt 0:01:21]} 19. Rae1 {[%emt 0:00:22]} Rd7 {[%emt 0:04:08]} 20. Qh5 {[%emt 0:06:44]} g6 {[%emt 0:03:12]} 21. Qh4 {[%emt 0:01:47]} Be7 {[%emt 0:02:27]} 22. Qf4 {[%emt 0:00:42]} Bg5 {[%emt 0:04:59]} 23. Nxg5 {[%emt 0:00:21]} hxg5 {[%emt 0:00:02]} 24. Qxg5 {[%emt 0:00:05]} Rh5 {[%emt 0:00:10]} 25. Qd2 {[%emt 0:01:21]} Rf5 {[%emt 0:00:53]} 26. Rxf5 {[%emt 0:00:37]} gxf5 {[%emt 0:00:05]} 27. Rf1 {[%emt 0:00:15]} Re7 {[%emt 0:02:05]} 28. Qg5 {[%emt 0:01:27]} Bc6 {[%emt 0:02:26]} 29. Rxf5 {[%emt 0:00:32]} Qd7 {[%emt 0:00:09]} 30. h4 {[%emt 0:01:42]} Kb7 {[%emt 0:01:31]} 31. h5 {[%emt 0:00:21]} Re6 {[%emt 0:00:18]} 32. Qf4 {[%emt 0:00:18]} Ka6 {[%emt 0:00:18]} 33. Rxf7 {[%emt 0:00:42]} Qe8 {[%emt 0:00:10]} 34. h6 {[%emt 0:00:38]} 1-0

[Event "Chigorin Memorial 2019"]
[Site "Saint Petersburg"]
[Date "2019.10.10"]
[Round "6.2"]
[White "Sivuk, Vitaly"]
[Black "Petrosyan, Manuel"]
[Result "1/2-1/2"]
[WhiteElo "2559"]
[BlackElo "2611"]
[Annotator "ChessBase"]
[PlyCount "101"]
[EventDate "2019.10.05"]
[EventType "swiss"]
[EventCountry "RUS"]
[SourceTitle "playchess.com"]
[Source "ChessBase"]
[SourceQuality "1"]
[TimeControl "5400+30"]

1. d4 {[%emt 0:00:00]} Nf6 {[%emt 0:03:27]} 2. c4 {[%emt 0:00:00]} e6 {[%emt 0:00:05]} 3. Nf3 {[%emt 0:00:00]} d5 {[%emt 0:00:07]} 4. Nc3 {[%emt 0:00:05]} Bb4 {[%emt 0:01:22]} 5. cxd5 {[%emt 0:00:14]} exd5 {[%emt 0:00:09]} 6. Bf4 {[%emt 0:00:08]} c6 {[%emt 0:03:36]} 7. e3 {[%emt 0:00:22]} Bf5 {[%emt 0:02:08]} 8. Be2 {[%emt 0:00:19]} Ne4 {[%emt 0:08:24]} 9. Qb3 {[%emt 0:00:45]} Qb6 {[%emt 0:01:05]} 10. Bd3 {[%emt 0:04:52]} Nd7 {[%emt 0:18:52]} 11. Qc2 {[%emt 0:01:33]} c5 {[%emt 0:03:05]} 12. Nd2 {[%emt 0:07:20]} Ndf6 {[%emt 0:12:06]} 13. dxc5 {[%emt 0:15:08]} Qxc5 {[%emt 0:01:11]} 14. Nb3 {[%emt 0:01:40]} Qe7 {[%emt 0:02:52]} 15. f3 {[%emt 0:08:08]} Nxc3 {[%emt 0:02:33]} 16. Bxf5 {[%emt 0:00:41]} Nce4+ {[%emt 0:02:05]} 17. Ke2 {[%emt 0:05:17]} Nd6 {[%emt 0:00:52]} 18. Nd4 {[%emt 0:07:35]} O-O {[%emt 0:02:50]} 19. Rac1 {[%emt 0:07:01]} g6 {[%emt 0:06:20]} 20. a3 {[%emt 0:02:42]} Ba5 {[%emt 0:06:44]} 21. Qc5 {[%emt 0:02:40]} Nxf5 {[%emt 0:01:45]} 22. Nxf5 {[%emt 0:00:08]} Qxc5 {[%emt 0:00:23]} 23. Rxc5 {[%emt 0:00:07]} Bd8 {[%emt 0:03:48]} 24. Nd6 {[%emt 0:00:15]} Bb6 {[%emt 0:01:17]} 25. Rb5 {[%emt 0:00:42]} d4 {[%emt 0:10:38]} 26. e4 {[%emt 0:01:04]} Nh5 {[%emt 0:01:01]} 27. Bd2 {[%emt 0:11:35]} Rad8 {[%emt 0:01:08]} 28. e5 {[%emt 0:02:15]} f6 {[%emt 0:00:14]} 29. Kd3 {[%emt 0:03:13]} fxe5 {[%emt 0:00:33]} 30. Nxb7 {[%emt 0:02:48]} Rd7 {[%emt 0:01:05]} 31. Na5 {[%emt 0:00:32]} Rf5 {[%emt 0:02:14]} 32. a4 {[%emt 0:03:43]} Bxa5 {[%emt 0:00:08]} 33. Rxa5 {[%emt 0:00:45]} Nf4+ {[%emt 0:00:09]} 34. Ke4 {[%emt 0:00:40]} Nxg2 {[%emt 0:00:16]} 35. Rxe5 {[%emt 0:01:48]} Rxe5+ {[%emt 0:00:03]} 36. Kxe5 {[%emt 0:00:05]} Nh4 {[%emt 0:00:01]} 37. Rf1 {[%emt 0:00:13]} Nf5 {[%emt 0:00:35]} 38. Ke4 {[%emt 0:00:51]} Kf7 {[%emt 0:02:18]} 39. Kd3 {[%emt 0:01:03]} Ke6 {[%emt 0:01:18]} 40. Rc1 {[%emt 0:00:21]} Nh4 {[%emt 0:00:26]} 41. Ke4 {[%emt 0:00:22]} d3 {[%emt 0:00:35]} 42. Rc3 {[%emt 0:01:28]} Rb7 {[%emt 0:00:25]} 43. b3 {[%emt 0:00:27]} Rb4+ {[%emt 0:00:15]} 44. Ke3 {[%emt 0:00:20]} Nf5+ {[%emt 0:00:06]} 45. Kxd3 {[%emt 0:00:08]} Rd4+ {[%emt 0:00:03]} 46. Kc2 {[%emt 0:00:30]} Rh4 {[%emt 0:02:23]} 47. Rc7 {[%emt 0:11:37]} Rxh2 48. Rxa7 Nd4+ 49. Kd3 Nxb3 {[%emt 0:01:30]} 50. Be3 {[%emt 0:01:30]} Rh3 {[%emt 0:00:30]} 51. Ke4 {[%emt 0:00:30] Ke5+} 1/2-1/2

[Event "Chigorin Memorial 2019"]
[Site "Saint Petersburg"]
[Date "2019.10.10"]
[Round "6.3"]
[White "Vorobiov, Evgeny E."]
[Black "Kokarev, Dmitry"]
[Result "1/2-1/2"]
[WhiteElo "2555"]
[BlackElo "2593"]
[Annotator "ChessBase"]
[PlyCount "28"]
[EventDate "2019.10.05"]
[EventType "swiss"]
[EventCountry "RUS"]
[SourceTitle "playchess.com"]
[Source "ChessBase"]
[SourceQuality "1"]
[TimeControl "5400+30"]

1. d4 {[%emt 0:00:00]} Nf6 {[%emt 0:00:00]} 2. c4 {[%emt 0:00:00]} g6 {[%emt 0:00:01]} 3. Nc3 {[%emt 0:00:00]} d5 {[%emt 0:00:15]} 4. cxd5 {[%emt 0:00:00]} Nxd5 {[%emt 0:00:15]} 5. e4 {[%emt 0:00:08]} Nxc3 {[%emt 0:00:14]} 6. bxc3 {[%emt 0:00:05]} Bg7 {[%emt 0:00:14]} 7. Nf3 {[%emt 0:00:14]} c5 {[%emt 0:00:34]} 8. Be3 {[%emt 0:00:10]} Qa5 {[%emt 0:00:28]} 9. Nd2 {[%emt 0:00:53]} O-O {[%emt 0:00:28]} 10. Nb3 {[%emt 0:00:17]} Qxc3+ {[%emt 0:00:32]} 11. Bd2 {[%emt 0:00:05]} Qb2 {[%emt 0:00:11]} 12. Bc1 {[%emt 0:00:03]} Qc3+ {[%emt 0:00:08]} 13. Bd2 {[%emt 0:00:03]} Qb2 {[%emt 0:00:12]} 14. Bc1 {[%emt 0:00:03]} Qc3+ {[%emt 0:00:08]} 1/2-1/2

[Event "Chigorin Memorial 2019"]
[Site "Saint Petersburg"]
[Date "2019.10.10"]
[Round "6.4"]
[White "Kovalenko, Igor"]
[Black "Pourramezanali, Amirreza"]
[Result "1/2-1/2"]
[WhiteElo "2674"]
[BlackElo "2478"]
[Annotator "TA"]
[PlyCount "83"]
[EventDate "2019.10.05"]
[EventType "swiss"]
[EventCountry "RUS"]
[SourceTitle "playchess.com"]
[Source "ChessBase"]
[SourceQuality "1"]

{[%evp 14,83,19,23,30,28,38,0,0,0,0,0,8,-13,14,2,12,6,27,22,27,38,61,34,33,37,18,-28,-9,-34,-34,-33,-31,-129,-67,-83,-84,-81,-80,-126,-131,-128,-148,-143,-94,-87,-47,-47,-47,-47,0,-47,-47,-53,0,0,0,-8,0,0,0,0,0,0,0,0,0,0,0,0,0,0]} 1. c4 e6 2. Nc3 d5 3. d4 Be7 4. cxd5 exd5 5. Bf4 Nf6 6. e3 O-O 7. Bd3 c5 8. Nge2 Nc6 {D35: Queen's Gambit Declined: Exchange Variation} 9. O-O cxd4 (9... h6 10. dxc5 Bxc5 11. Rc1 Bd6 12. Qa4 Bg4 13. h3 Bxe2 14. Bxe2 Bxf4 15. Qxf4 Qb8 16. Qa4 {½-½ (27) Matlakov,M (2701)-Nguyen,N (2636) Changsha 2019}) 10. exd4 Be6 11. Rc1 Rc8 $146 ({Predecessor:} 11... Qd7 12. Re1 Rfe8 13. Na4 Ne4 14. f3 Nf6 15. Nc5 Bxc5 16. Rxc5 Rac8 {1-0 (38) Stevermueer,R (1959)-Stanik,H (2067) Germany 2011}) 12. h3 Re8 13. a3 Bd6 14. Qd2 a6 15. b4 h6 16. Na4 Ne4 17. Bxe4 dxe4 18. d5 Bxf4 19. Nxf4 {And now Qe3 would win.} Bf5 $1 20. Rc3 Ne5 21. Rg3 Qd6 22. Qd4 Rc4 $36 {[%mdl 2048] Black fights for an advantage.} 23. Qa1 ({Better is} 23. Qe3 $15) 23... Ng6 (23... Kh7 $17 24. Ne2 Bg6) 24. Nxg6 Bxg6 25. Re1 a5 26. Qa2 {[#]} b5 $1 27. Nc3 axb4 28. axb4 Qxb4 29. Rb1 Qc5 30. Rxb5 Qd4 31. Ne2 Qd1+ 32. Kh2 Rc2 33. Rb2 e3 (33... Rxb2 {feels hotter.} 34. Qxb2 Qxd5 35. Nf4 Qd6 36. Nxg6 fxg6 37. Kg1 Rb8) 34. Rxe3 {The position is equal.} Rxe3 35. Rxc2 $1 Bxc2 36. fxe3 {aiming for Ng3.} Qxe2 37. d6 $1 {[%cal Rd6d7]} Qd2 {[#]} 38. d7 $1 {[%mdl 512]} Qd6+ (38... Qxd7 39. Qxc2) 39. Kg1 Qd1+ (39... Be4 $5 40. Qc4 $8 Bc6 41. d8=Q+ Qxd8 42. Qxc6 Qe7 $11) 40. Kh2 {Black must now prevent Qa8+.} Qd6+ 41. Kg1 {Hoping for Qa8+.} Be4 42. Qc4 $1 {Accuracy: White = 63%, Black = 56%.} 1/2-1/2

[Event "Chigorin Memorial 2019"]
[Site "Saint Petersburg"]
[Date "2019.10.10"]
[Round "6.5"]
[White "Ter-Sahakyan, Samvel"]
[Black "Vogel, Roven"]
[Result "1-0"]
[WhiteElo "2616"]
[BlackElo "2456"]
[Annotator "ChessBase"]
[PlyCount "85"]
[EventDate "2019.10.05"]
[EventType "swiss"]
[EventCountry "RUS"]
[SourceTitle "playchess.com"]
[Source "ChessBase"]
[SourceQuality "1"]
[TimeControl "5400+30"]

1. e4 {[%emt 0:00:00]} c6 {[%emt 0:00:00]} 2. Nf3 {[%emt 0:00:00]} d5 {[%emt 0:00:05]} 3. Nc3 {[%emt 0:00:00]} Nf6 {[%emt 0:00:10]} 4. e5 {[%emt 0:00:00]} Ne4 {[%emt 0:00:07]} 5. Ne2 {[%emt 0:00:01]} Qb6 {[%emt 0:00:08]} 6. d4 {[%emt 0:00:06]} e6 {[%emt 0:00:07]} 7. Ng3 {[%emt 0:00:04]} c5 {[%emt 0:00:12]} 8. Bd3 {[%emt 0:00:06]} Nxg3 {[%emt 0:00:08]} 9. fxg3 {[%emt 0:00:04]} Nc6 {[%emt 0:04:37]} 10. O-O {[%emt 0:01:06]} cxd4 {[%emt 0:05:26]} 11. Qe2 {[%emt 0:01:02]} h6 {[%emt 0:03:45]} 12. a3 {[%emt 0:01:17]} Bd7 {[%emt 0:06:31]} 13. b4 {[%emt 0:00:23]} O-O-O {[%emt 0:08:18]} 14. g4 {[%emt 0:21:43]} Kb8 {[%emt 0:05:36]} 15. Bf4 {[%emt 0:11:36]} Be7 {[%emt 0:07:48]} 16. Bg3 {[%emt 0:01:48]} Ka8 {[%emt 0:03:35]} 17. Kh1 {[%emt 0:04:33]} Rc8 {[%emt 0:03:36]} 18. Rae1 {[%emt 0:03:54]} Rhf8 {[%emt 0:11:00]} 19. Bf2 {[%emt 0:18:48]} f6 {[%emt 0:02:35]} 20. b5 {[%emt 0:03:52]} Na5 {[%emt 0:03:32]} 21. Bxd4 {[%emt 0:13:03]} Bc5 {[%emt 0:02:04]} 22. Bb2 {[%emt 0:00:04]} Nc4 {[%emt 0:03:00]} 23. Bxc4 {[%emt 0:00:44]} dxc4 {[%emt 0:00:03]} 24. a4 {[%emt 0:00:13]} a6 {[%emt 0:13:13]} 25. Bc3 {[%emt 0:05:55]} f5 {[%emt 0:01:26]} 26. gxf5 {[%emt 0:04:24]} Rxf5 {[%emt 0:01:22]} 27. Rd1 {[%emt 0:01:10]} Be8 {[%emt 0:00:58]} 28. Ra1 {[%emt 0:00:40]} Kb8 {[%emt 0:02:16]} 29. Rfb1 {[%emt 0:00:27]} Bh5 {[%emt 0:05:02]} 30. a5 {[%emt 0:00:38]} Qd8 {[%emt 0:00:05]} 31. Qe4 {[%emt 0:03:51]} Be8 {[%emt 0:03:25]} 32. bxa6 {[%emt 0:02:23]} Bc6 {[%emt 0:00:02]} 33. Qe2 {[%emt 0:01:03]} Rxf3 {[%emt 0:02:58]} 34. gxf3 {[%emt 0:00:10]} g5 {[%emt 0:00:06]} 35. axb7 {[%emt 0:00:56]} Rc7 {[%emt 0:02:23]} 36. a6 {[%emt 0:00:04]} Ba7 {[%emt 0:00:56]} 37. Ba5 {[%emt 0:01:38]} g4 {[%emt 0:00:57]} 38. Bxc7+ {[%emt 0:00:34]} Qxc7 {[%emt 0:00:30]} 39. Rf1 {[%emt 0:00:05]} Qf7 {[%emt 0:00:48]} 40. Rad1 {[%emt 0:00:58]} Bb6 {[%emt 0:00:05]} 41. Rd6 {[%emt 0:00:28]} Bxf3+ {[%emt 0:01:02]} 42. Rxf3 {[%emt 0:00:07]} gxf3 {[%emt 0:00:04]} 43. Rxb6 {[%emt 0:00:07]} 1-0

[Event "Chigorin Memorial 2019"]
[Site "Saint Petersburg"]
[Date "2019.10.10"]
[Round "6.6"]
[White "Mikaelyan, Arman"]
[Black "Khalifman, Alexander"]
[Result "0-1"]
[WhiteElo "2481"]
[BlackElo "2614"]
[Annotator "ChessBase"]
[PlyCount "110"]
[EventDate "2019.10.05"]
[EventType "swiss"]
[EventCountry "RUS"]
[SourceTitle "playchess.com"]
[Source "ChessBase"]
[SourceQuality "1"]
[TimeControl "5400+30"]

1. e4 {[%emt 0:00:39]} c6 {[%emt 0:00:00]} 2. d4 {[%emt 0:00:33]} d5 {[%emt 0:00:00]} 3. exd5 {[%emt 0:00:11]} cxd5 {[%emt 0:00:00]} 4. Bd3 {[%emt 0:00:07]} Nf6 {[%emt 0:00:00]} 5. c3 {[%emt 0:00:09]} Bg4 {[%emt 0:00:04]} 6. Qb3 {[%emt 0:01:48]} Qc7 {[%emt 0:00:16]} 7. Ne2 {[%emt 0:11:46]} Bxe2 {[%emt 0:00:43]} 8. Bxe2 {[%emt 0:00:09]} e6 {[%emt 0:00:07]} 9. Be3 {[%emt 0:01:56]} Bd6 {[%emt 0:04:56]} 10. Nd2 {[%emt 0:00:25]} O-O {[%emt 0:04:25]} 11. g3 {[%emt 0:14:19]} Nc6 {[%emt 0:05:19]} 12. O-O {[%emt 0:00:48]} h6 {[%emt 0:02:50]} 13. Qd1 {[%emt 0:03:46]} a6 {[%emt 0:07:09]} 14. Bd3 {[%emt 0:02:25]} b5 {[%emt 0:06:29]} 15. Rc1 {[%emt 0:00:52]} e5 {[%emt 0:03:03]} 16. dxe5 {[%emt 0:03:53]} Nxe5 {[%emt 0:00:58]} 17. Bf5 {[%emt 0:00:06]} Rfe8 {[%emt 0:06:27]} 18. Bd4 {[%emt 0:03:48]} Bc5 {[%emt 0:06:34]} 19. Re1 {[%emt 0:04:23]} Qd6 {[%emt 0:01:26]} 20. Nb3 {[%emt 0:04:08]} Bxd4 {[%emt 0:00:55]} 21. Nxd4 {[%emt 0:00:05]} g6 {[%emt 0:05:54]} 22. Bh3 {[%emt 0:00:04]} Kg7 {[%emt 0:01:34]} 23. Rc2 {[%emt 0:01:31]} b4 {[%emt 0:01:48]} 24. Rce2 {[%emt 0:09:07]} bxc3 {[%emt 0:01:31]} 25. bxc3 {[%emt 0:00:12]} Nc4 {[%emt 0:07:35]} 26. Rxe8 {[%emt 0:03:20]} Rxe8 {[%emt 0:00:07]} 27. Rxe8 {[%emt 0:00:11]} Nxe8 {[%emt 0:00:06]} 28. Bf1 {[%emt 0:00:36]} Qa3 {[%emt 0:07:41]} 29. Qb3 {[%emt 0:16:07]} Qc1 {[%emt 0:01:15]} 30. Qc2 {[%emt 0:00:20]} Qxc2 {[%emt 0:04:15]} 31. Nxc2 {[%emt 0:00:04]} a5 {[%emt 0:00:07]} 32. Bg2 {[%emt 0:04:32]} Nc7 {[%emt 0:01:52]} 33. f4 {[%emt 0:00:21]} Kf6 {[%emt 0:00:17]} 34. Kf2 {[%emt 0:00:16]} Ke6 {[%emt 0:01:24]} 35. Nd4+ {[%emt 0:00:48]} Kd6 {[%emt 0:00:09]} 36. Ke2 {[%emt 0:00:52]} Kc5 {[%emt 0:01:22]} 37. h4 {[%emt 0:02:14]} Ne8 {[%emt 0:03:48]} 38. h5 {[%emt 0:03:05]} gxh5 {[%emt 0:00:10]} 39. Nf5 {[%emt 0:00:33]} Ncd6 {[%emt 0:01:35]} 40. Nxh6 {[%emt 0:00:16]} Nf6 {[%emt 0:00:19]} 41. Kd3 {[%emt 0:04:31]} Nfe4 {[%emt 0:01:21]} 42. Bxe4 {[%emt 0:02:06]} dxe4+ {[%emt 0:00:07]} 43. Ke2 {[%emt 0:00:50]} Kc4 {[%emt 0:00:45]} 44. Kd2 {[%emt 0:01:10]} a4 {[%emt 0:00:48]} 45. g4 {[%emt 0:00:44]} h4 {[%emt 0:07:44]} 46. g5 {[%emt 0:00:03]} h3 {[%emt 0:00:07]} 47. Ng4 {[%emt 0:00:02]} Nf5 {[%emt 0:00:23]} 48. Ne5+ {[%emt 0:00:23]} Kd5 {[%emt 0:00:19]} 49. Ng4 {[%emt 0:00:05]} Kc5 {[%emt 0:00:29]} 50. Nh2 {[%emt 0:03:01]} Kc4 {[%emt 0:00:41]} 51. Ng4 {[%emt 0:00:08]} e3+ {[%emt 0:01:32]} 52. Kc2 {[%emt 0:00:03]} a3 {[%emt 0:01:38]} 53. Nh2 {[%emt 0:00:04]} Ng3 {[%emt 0:01:18]} 54. Nf3 {[%emt 0:00:53]} Ne4 {[%emt 0:00:29]} 55. f5 {[%emt 0:01:54]} Nxg5 {[%emt 0:00:44]} 0-1